| 000 | 00780nam a2200217Ia 4500 | ||
|---|---|---|---|
| 003 | GCL | ||
| 008 | 140319s9999 xx 000 0 ara d | ||
| 020 | _a2777270977 | ||
| 040 |
_aGCL / _cGCL |
||
| 082 | 0 | 4 |
_a028.7 _bم م |
| 100 | 1 | _aمحمد فتحى عبدالهادى | |
| 245 | 1 | 0 |
_aمصارد المعلومات المرجعية فى الانسانيات / _cمحمد فتحى عبدالهادى |
| 700 | 1 | _aعبدالمجيد بوعزة | |
| 250 | _aالاولى | ||
| 260 |
_aالقاهرة : _bالدار المصرية اللبنانية ، _c2003 |
||
| 300 |
_a178 ص ؛ _c24 سم |
||
| 650 | 0 | 4 | _aمصادر المعلومات |
| 650 | 0 | 4 | _aمصادر المعلومات - الفلسفة |
| 650 | 0 | 4 | _aمصادر المعلومات - الفن |
| 942 |
_2ddc _cBK |
||
| 999 |
_c5179 _d5179 |
||